Organization theory and design /

Introduction and organization theory. Organizational purpose and structural design. Open system design elements. Internal design elements. Managing dynamic processes.

Spremljeno u:
Bibliografski detalji
Glavni autor: Daft, Richard L.
Format: Knjiga
Jezik:English
Izdano: Cincinnati, Ohio : South-Western College, 2001.
Izdanje:7th ed.
Teme:
Oznake: Dodaj oznaku
Bez oznaka, Budi prvi tko označuje ovaj zapis!
Thư viện lưu trữ: Mạng thư viện Đại học Đà Nẵng
LEADER 01087cam a2200361 i 4500
001 000047486
003 7167
005 20030311111316.0
008 010321|2001 vm 000 eng
020 |a 0324021003 
040 |a IRC  |c IRC  |d IRC 
041 0 |a eng 
082 1 4 |a 658.4  |b DA-R 
100 1 |a Daft, Richard L. 
245 0 0 |a Organization theory and design /  |c Richard L. Daft. 
250 |a 7th ed. 
260 |a Cincinnati, Ohio :  |b South-Western College,  |c 2001. 
300 |a xv, 633 p. :  |b col. ill. ;  |c 26cm. 
520 3 |a Introduction and organization theory. Organizational purpose and structural design. Open system design elements. Internal design elements. Managing dynamic processes. 
630 0 4 |a Organization. 
630 0 4 |a Sociology. 
650 0 4 |a Organization. 
650 0 4 |a Organizational sociology  |x Case studies. 
OWN |a DUT 
999 |a From the UDN01 
TYP |a Monograph 
TYP |a Printed language 
980 |a Mạng thư viện Đại học Đà Nẵng